000 00624nam a2200229Ia 4500
003 OSt
005 20220923231009.0
006 a|||||r|||| 00| 0
007 ta
008 220922b |||||||| |||| 00| 0 pan d
024 _a351,715
037 _cTextual
040 _aARTS
_cARTS
_bpan
041 _2pan
_apan
082 _aO153,3NSUx, L2
100 _aਸੂਦ, ਕੇਵਲ
245 0 _aਕੋਣੀ ਦੂਸਰਾ ਚਾਣਕਯ
260 _c1972
650 _aਪੰਜਾਬੀ ਸਾਹਿਤ
942 _hO153,3NSUx, L2
_cTEXL
_2CC
999 _c388675
_d388675